| 000 | 01095nam a2200337 i 4500 | ||
|---|---|---|---|
| 001 | 200461569 | ||
| 003 | TR-AnTOB | ||
| 005 | 20240705091747.0 | ||
| 007 | ta | ||
| 008 | 240705s1983 tu 000 0 tur d | ||
| 035 | _a(TR-AnTOB)200461569 | ||
| 040 |
_aTR-AnTOB _beng _erda _cTR-AnTOB |
||
| 041 | 0 | _atur | |
| 050 | 4 |
_aBP170 _b.D36 1983 |
|
| 090 |
_aBP170 _b.D36 1983 |
||
| 100 | 1 |
_aDanişmend, İsmail Hami, _d1887-1967 _eauthor _960905 |
|
| 245 | 1 | 0 |
_aGarp Menba'larına göre : _bGarp medeniyetinin menbaı olan İslam medeniyeti / _cİsmail Hami Danişmend. |
| 246 | 1 | 0 | _aGarp medeniyetinin menbaı olan İslam medeniyeti |
| 250 | _a7. baskı. | ||
| 264 | 1 |
_aİstanbul : _bYağmur Yayınevi, _c1983. |
|
| 300 |
_a79 pages ; _c20 cm |
||
| 336 |
_atext _btxt _2rdacontent |
||
| 337 |
_aunmediated _bn _2rdamedia |
||
| 338 |
_avolume _bnc _2rdacarrier |
||
| 490 | 0 |
_aYağmur Yayınları ; _v62. |
|
| 490 | 0 |
_aFikri Eserleri ; _v37. |
|
| 490 | 0 |
_aGençlik Serisi ; _v2 |
|
| 650 | 7 |
_aİslam _vİlahiyat çalışmaları _2etuturkob _972007 |
|
| 942 |
_2lcc _cBK |
||
| 999 |
_c200461569 _d79781 |
||